000 00250nam a2200109Ia 4500
008 200302s9999 xx 000 0 und d
100 _aBob wIlcox and Jerome Markson
245 _aDoors
260 _bFirefly Books Ltd.
260 _c2009
300 _a272
999 _c3583
_d3583